000 00311nam a22001337a 4500
008 180104b xxu||||| |||| 00| 0 eng d
020 _a9781566198134
041 _aeng
080 _a941
100 _a19
101 _aHIS
245 _aHistory of the English-Speaking People
_cCommager, H.S
942 _2udc
_cBK
999 _c39689
_d39689